Étude sur l’évolution de la concentration dans l’industrie alimentaire en France
保存先:
| 第一著者: | |
|---|---|
| フォーマット: | 図書 |
| 言語: | Undetermined |
| 出版事項: |
Bruxelles
Commission des Communautés européennes
1975
|
| 主題: | |
| タグ: |
タグ追加
タグなし, このレコードへの初めてのタグを付けませんか!
|
| Thư viện lưu trữ: | Trung tâm Học liệu Trường Đại học Cần Thơ |
|---|
| LEADER | 00601nam a2200193Ia 4500 | ||
|---|---|---|---|
| 001 | CTU_99566 | ||
| 008 | 210402s9999 xx 000 0 und d | ||
| 082 | |a 338.4 | ||
| 082 | |b R231 | ||
| 100 | |a J. L. Rastion | ||
| 245 | 0 | |a Étude sur l’évolution de la concentration dans l’industrie alimentaire en France | |
| 245 | 0 | |c J. L. Rastion, G. Ghersi, M. Castagnos | |
| 260 | |a Bruxelles | ||
| 260 | |b Commission des Communautés européennes | ||
| 260 | |c 1975 | ||
| 650 | |a Food industry | ||
| 650 | |z France | ||
| 904 | |i Hiếu | ||
| 980 | |a Trung tâm Học liệu Trường Đại học Cần Thơ | ||